a practical Handbook of language teaching

Bewaard in:
Bibliografische gegevens
Formaat: Boek
Gepubliceerd in: phoenix 1992
Tags: Voeg label toe
Geen labels, Wees de eerste die dit record labelt!
Thư viện lưu trữ: Trung tâm Học liệu Lê Vũ Hùng, Trường Đại học Đồng Tháp
LEADER 00551pam a22001938a 4500
001 00039700
005 20171026081025.0
008 170520s1992 ||||||Viesd
041 0 # |a Vie 
082 1 4 |a 428  |b A100PR 
245 1 0 |a a practical Handbook of language teaching  |c David cross; edited by C. Vaughan james 
260 # # |c 1992  |b phoenix 
300 # # |a 296tr.  |c 27 cm 
852 # # |b Kho đọc  |j KD.1002574 
910 |d 20/05/2017 
980 # # |a Trung tâm Học liệu Lê Vũ Hùng, Trường Đại học Đồng Tháp